000
00315nam a22001457a 4500
003
OSt
020
_a
NA
040
_c
0
082
_2
22
_a
658.4038
100
_a
Kelkar, S. A.
245
_a
Information technology project management /
260
_b
Prentice Hall,
_c
c2005.
300
_a
0
_b
ill. ;
942
_2
ddc
_c
MAG
999
_c
4351
_d
4351